| 000 | 00927cam a22003017a 4500 | ||
|---|---|---|---|
| 003 | CHAP | ||
| 005 | 20220329142327.0 | ||
| 008 | 000720d1999 it r 00010 eng d | ||
| 010 | _a81780 | ||
| 011 | _a82752 | ||
| 020 | _a9251043965 | ||
| 035 | _a93255 | ||
| 040 | _cCHAP | ||
| 082 | 1 | 0 |
_a639.2 _bF46 v.610 |
| 110 | 2 |
_aFAO. Asia - Pacific Fishery Commission _939452 |
|
| 245 | 1 | 0 |
_aReport of the ad hoc working group of experts in rural aguaculture _c/by FAO |
| 260 |
_aRome : _bFAO, _c1999. |
||
| 300 | _a22 p. | ||
| 490 | 0 |
_aFAO. Informe de pesca _v; 610 |
|
| 590 |
_aBATCH-UPD _b10 _c20130110 _lUCH01 _h1044 |
||
| 590 |
_aCONVERSION _b10 _c20130109 _lUCH01 _h1345 |
||
| 650 | 1 | 4 |
_aAcuicultura _zAfrica. _9782 |
| 830 | 0 |
_aFAO. Informe de pesca _v; 610 _939587 |
|
| 901 | _aBK | ||
| 905 | _aPatricia Mendoza P. | ||
| 942 | _cLIBRO | ||
| 949 |
_a639.2 F46 v.610 _bBC _cFAO _d33724000771986 _eFAO1 _gDonaciØn _h98055 _i93255 _sb |
||
| 999 |
_c81780 _d81780 |
||